000 00616nam a2200217 a 4500
001 68975
003 BD-RjUL
005 20211209081832.0
008 170409s1928 enka b 00110 eng d
035 _a(BD-RjUL)69186
040 _aVU
_cVU
_beng
_dBD-RjUL
041 _aeng
082 0 _a530.12
_223
_bALQ 1928
100 1 _aAllen, H. Stanley
_9204355
245 1 4 _aThe quantum and its interpretation /
_cH. Stanley Allen
260 _aLondon :
_bMethuen,
_c1928.
300 _axiii, 274 p. :
_bill. ;
_c23 cm.
504 _aIncludes Bibliography and index.
650 0 _aQuantum theory.
_9204356
942 _2ddc
_cBK
999 _c68975
_d68975